[Event "CZE-ch U16 Girls"]
[Site "Kouty nad Desnou"]
[Date "2020.03.09"]
[Round "3"]
[White "Leksova, Sona"]
[Black "Zilava, Anezka"]
[Result "1-0"]
[WhiteElo "1645"]
[BlackElo "1224"]
[PlyCount "71"]
[EventDate "2020.03.07"]
[EventType "swiss"]
[EventRounds "7"]
[EventCountry "CZE"]
[SourceTitle "CBM 195 Extra"]
[Source "ChessBase"]
[SourceDate "2020.05.31"]
[SourceVersion "1"]
[SourceVersionDate "2020.05.31"]
[SourceQuality "1"]

1. e4 e5 2. Nf3 Nc6 3. Bb5 Bc5 4. 0-0 a6 5. Bxc6 dxc6 6. d3 Bg4 7. Be3 Bd6 8. Nbd2 Ne7 9. Qe1 0-0 10. h3 Be6 11. Rc1 Qd7 12. Ng5 h6 13. Nxe6 Qxe6 14. c4 c5 15. b4 b6 16. bxc5 bxc5 17. Nb3 Rab8 18. Qd2 f5 19. f3 f4 20. Bf2 Nc6 21. Bxc5 Qe7 22. Bxd6 cxd6 23. d4 Qa7 24. Rfd1 Rfc8 25. Kh1 Qc7 26. c5 dxc5 27. Rxc5 Qe7 28. dxe5 Nxe5 29. Rxc8+ Rxc8 30. Qxf4 Rc2 31. Rd2 Rc6 32. Rd5 Ng6 33. Qb8+ Nf8 34. Qd8 Qb4 35. Rf5 Rb6 36. Rxf8+ 1-0

[Event "CZE-ch U16 Girls"]
[Site "Kouty nad Desnou"]
[Date "2020.03.09"]
[Round "4"]
[White "Zilava, Anezka"]
[Black "Kuncicka, Klara"]
[Result "0-1"]
[WhiteElo "1224"]
[BlackElo "1223"]
[PlyCount "50"]
[EventDate "2020.03.07"]
[EventType "swiss"]
[EventRounds "7"]
[EventCountry "CZE"]
[SourceTitle "CBM 195 Extra"]
[Source "ChessBase"]
[SourceDate "2020.05.31"]
[SourceVersion "1"]
[SourceVersionDate "2020.05.31"]
[SourceQuality "1"]

1. e4 e5 2. Nf3 Nc6 3. Bc4 Bc5 4. Nc3 d6 5. d3 h6 6. Be3 Bb6 7. h3 Be6 8. Bb3 Qd7 9. Nd5 Bxe3 10. fxe3 Nge7 11. Nxe7 Qxe7 12. Ba4 Bd7 13. Qd2 0-0-0 14. Qc3 Nb8 15. Bb3 Rhf8 16. 0-0-0 Nc6 17. Rhe1 f5 18. exf5 Bxf5 19. e4 Bxh3 20. Rd2 Bxg2 21. Ng1 Qg5 22. Kb1 Rf6 23. Bd5 Rdf8 24. Bxc6 bxc6 25. Qxc6 Qxd2 0-1

[Event "Klatovy op-B 23rd"]
[Site "Klatovy"]
[Date "2017.07.04"]
[Round "4"]
[White "Zilava, Anezka"]
[Black "Jedlicka, Pavel"]
[Result "1-0"]
[WhiteElo "1245"]
[BlackElo "1525"]
[PlyCount "111"]
[EventDate "2017.07.01"]
[EventType "swiss"]
[EventRounds "9"]
[EventCountry "CZE"]
[SourceTitle "EXT 2018"]
[Source "ChessBase"]
[SourceDate "2017.10.13"]
[SourceVersion "1"]
[SourceVersionDate "2017.10.13"]
[SourceQuality "1"]

1. e4 Nf6 2. Nc3 d5 3. exd5 Nxd5 4. Bc4 c6 5. Qf3 e6 6. d4 Bb4 7. Bd2 0-0 8. Nge2 Qb6 9. 0-0 Nxc3 10. bxc3 Bd6 11. Qg4 e5 12. Qe4 Qc7 13. Bd3 f5 14. Bc4+ Kh8 15. Qh4 b5 16. dxe5 Be7 17. Qh3 f4 18. Be6 Qxe5 19. Bxc8 Qxe2 20. Bf5 h6 21. Bxf4 Rxf5 22. Qxf5 Qc4 23. Rfe1 Qxc3 24. Rad1 Qf6 25. Qc8+ Kh7 26. Bxb8 Bd6 27. Rxd6 Qxd6 28. Qf5+ Qg6 29. Qxg6+ Kxg6 30. Be5 b4 31. f4 Rd8 32. g4 Rd2 33. f5+ Kf7 34. Rb1 c5 35. c3 a5 36. cxb4 axb4 37. Rc1 Rd5 38. Bc7 Ke7 39. Bg3 Kd7 40. Kg2 Kc6 41. Kh3 Kb5 42. Kh4 c4 43. Kh5 c3 44. Kg6 Rd7 45. Be5 Kc4 46. Bxg7 Rd2 47. Bxh6 Rxa2 48. f6 Ra6 49. Kg7 b3 50. f7 Ra7 51. Kg8 Ra8+ 52. f8Q Rxf8+ 53. Kxf8 b2 54. Rb1 c2 55. Rxb2 c1Q 56. Bxc1 1-0

[Event "CZE-ch U12 Girls"]
[Site "Kouty nad Desnou"]
[Date "2017.03.14"]
[Round "5"]
[White "Zilava, Anezka"]
[Black "Trasakova, Adela"]
[Result "1/2-1/2"]
[WhiteElo "1306"]
[BlackElo "1393"]
[PlyCount "65"]
[EventDate "2017.03.11"]
[EventType "swiss"]
[EventRounds "9"]
[EventCountry "CZE"]
[SourceTitle "CBM 177 Extra"]
[Source "ChessBase"]
[SourceDate "2017.04.27"]
[SourceVersion "1"]
[SourceVersionDate "2017.04.27"]
[SourceQuality "1"]

1. d4 c6 2. c4 d5 3. c5 Nf6 4. Bf4 Bf5 5. Nc3 e6 6. Nf3 Bg4 7. h3 Bxf3 8. exf3 g6 9. Bd3 Nh5 10. Be3 Bg7 11. Qb3 Qc8 12. 0-0 0-0 13. Rfe1 Nd7 14. Rad1 Re8 15. f4 Bh6 16. Ne2 Rb8 17. Qc2 Qc7 18. Qd2 b6 19. cxb6 axb6 20. b3 c5 21. dxc5 bxc5 22. f5 Bxe3 23. fxe3 exf5 24. Nc3 Nb6 25. Nb5 Qd7 26. Na3 Qd8 27. Qa5 Ra8 28. Qxc5 Ng3 29. Rd2 Ne4 30. Bxe4 fxe4 31. Nb5 Ra5 32. b4 Ra4 33. Nc3 1/2-1/2